| 000 | | | 04415nac2a22003013x 450 |
| 001 | | | 946d024a-1941-4022-ae77-a4c6420f21df |
| 005 | | | 20210719231317.0 |
| 100 | ## | $a | 20210612l1937 k y0rusy50 ca |
| 101 | 0# | $a | rus |
| | $a | mul |
| 102 | ## | $a | RU |
| 105 | ## | $a | y z ||||| |
| 122 | 0# | $a | d19371231 |
| 200 | 1# | $a | Порядок дня 4-й сессии ЦИК СССР 7-го созыва |
| | $j | 1937 |
| 215 | ## | $a | 38 листов |
| 251 | ## | $c | Дело |
| 300 | ## | $a | Заголовок дела на папке: Порядок дня 4 сессии ЦИК СССР 7 созыва |
| 300 | ## | $a | Часть текста на языках народов СССР |
| 300 | ## | $a | Листы: 1-16, 24-38 - брошюра-регламент, не подшиты |
| 300 | ## | $a | Часть текста машинописная, часть - напечатана типографским способом |
| 330 | ## | $a | Входит в раздел описи: VII-й Съезд Советов. 4-я Сессия ЦИК СССР |
| 461 | #0 | $1 | 001796d4672-8a00-4986-b488-6e42273792cc |
| | $1 | 2001 |
| | $a | ЦЕНТРАЛЬНЫЙ ИСПОЛНИТЕЛЬНЫЙ КОМИТЕТ СССР (ЦИК СССР) |
| | $1 | 251 |
| | $c | Фонд |
| | $1 | 852 |
| | $j | 3316 |
| | $g | Р |
| 462 | #0 | $1 | 0012246e4af-064a-4b66-b386-cae0ddb7fb2d |
| | $1 | 2001 |
| | $a | Дела 7-го Съезда Советов и 1-й, 2-й, 3-й, 4-й Сессий 7-го созыва. 1935-1937 гг. |
| | $v | Д. 223 |
| | $1 | 251 |
| | $c | Опись |
| | $1 | 852 |
| | $j | 7 |
| 517 | 1# | $a | Порядок дня 4 сессии ЦИК СССР 7 созыва |
| 601 | 01 | $3 | RU\NLR\AUTH\880357276 |
| | $a | СССР |
| | $b | ЦИК |
| 601 | 02 | $3 | RU\NLR\AUTH\880399378 |
| | $a | СССР |
| | $b | ЦИК |
| | $b | Созыв |
| | $c | 7 |
| | $b | Сессия |
| | $d | 4 |
| 801 | #0 | $a | RU |
| | $b | GA_RF |
| 801 | #1 | $a | RU |
| | $b | ГлавНИВЦ |
| | $c | 20210612 |
| | $2 | rusmarc |
| 801 | #2 | $a | RU |
| | $b | ПБ им. Б.Н. Ельцина |
| | $c | 20210719 |
| | $g | RCR |
| | $2 | rusmarc |
| 852 | ## | $a | ГА РФ |
| | $j | 223 |
| 937 | ## | $d | 166432459 |
| | $h | ГАРФ |
| 035 | ## | $a | RuPRLIB51060675 |
| 856 | ## | $u | http://readingroom.main.prlib.ru/item.aspx?id_node=n166432459&mode=full |